000 03910cam a22012494i 4500
003 PE-LiUPU
005 20250813185519.0
008 150625s2005 mx a rb 001 0 d
020 _a9706864628
035 _a(Sirsi) i9789706864628
040 _aPE-LiUPU
_bspa
_cPE-LiUPU
_erda
049 _aPRUA
082 0 4 _a302.2
_bV51
_221
100 1 _aVerderber, Rudoph F.,
_eautor.
245 1 1 _a¡Comunícate! /
_cRudolph F. Verderber y Kathleen S. Verderber.
250 _a11a edición.
264 1 _aMéxico :
_bThomson,
_c[2005].
300 _a457 p. :
_bilustraciones ;
_c25 centímetros
336 _atext
_2rdacontent
337 _aunmediated
_2rdamedia
338 _avolume
_2rdacarrier
504 _aIncluye referencias bibliográficas e índice al final del libro.
505 0 _aPerspectivas de la comunicación -- Percepción de uno mismo y de los demás -- Comunicación verbal -- Comunicación no verbal -- Conversaciones eficaces -- Escuchar y responder -- Compartir información personal: revelación y retroalimentación -- Comunicación interpersonal -- Entrevistas -- Participa en la comunicación de grupo -- Las funciones de los miembros y el liderazgo en los grupos -- Determina el objetivo de tu discurso -- Cómo realizar una investigación -- Organización -- Adaptación verbal y visual -- Practica la presentación de tu discurso -- Discurso informativo -- Discurso persuasivo.
526 _aP202
526 _aP201
526 _aP163
526 _aP162
526 _aP161
526 _aP160
526 _aP148
526 _aP147
526 _aP146
526 _aP145
526 _aP144
526 _aP143
526 _aP142
526 _aP141
526 _aP140
526 _aP139
526 _aP138
526 _aP137
526 _aP136
526 _aP135
526 _aP134
526 _aP133
526 _aP129
526 _aP128
526 _aP127
526 _aP120
526 _aP119
526 _aP118
526 _aP116
526 _aP115
526 _aP114
526 _aP110
526 _aP109
526 _aP108
526 _aP104
526 _aP103
526 _aP102
526 _aP99
526 _aP98
526 _aP97
526 _aP96
526 _aP95
526 _aP93
526 _aP90
526 _aP89
526 _aP88
526 _aP83
526 _aP82
526 _aP62
526 _aP59
526 _aP58
526 _aP57
526 _aP51
526 _aP49
526 _aP48
526 _aP47
526 _aP29
526 _aP24
526 _aP20
526 _aP19
526 _aP17
526 _aP15
526 _aP14
526 _aP12
526 _aP10
526 _aP09
526 _aP08
526 _aP07
526 _aP06
526 _aP05
526 _aP04
526 _aP01
541 _g0071-000461;
650 0 4 _aComunicación.
_94795
700 1 _aVerderber, Kathleen S.,
_eautor.
942 _2ddc
_cBOOK
949 _a302.2 V51
_wDEWEY
_c1
_i56395
_d2016-9-23
_e2016-9-20
_lCCODEBUL1
_mBUL
_n1
_p23.00
_r0
_sY
_tBOOK
_u2015-6-25
_xEDUCACION
_PP07
_0COMPRA
_o.STAFF. Colección General
949 _a302.22 V47 2005
_wDEWEY
_c1
_iFJ03680
_lCCODEBUJ1
_mBUJ
_p38.00
_r0
_sY
_tBOOK
_u2015-10-12
_xBIBLIOTECA
_zUNKNOWN
_0COMPRA
_o.STAFF. Colección General Juliaca
994 _aC0
_bPEPRU
596 _a1 3
999 _a302.2 V51
_wDEWEY
_c45647
_i56395
_d45647
_e2018-3-21
_f2021-11-8
_g5
_lCCODEBUL1
_mBUL
_n5
_p23.00
_r0
_sY
_tBOOK
_u2015-6-25
_xEDUCACION
_PP07
_0COMPRA
_o.STAFF. Colección General
999 _a302.22 V47 2005
_wDEWEY
_c1
_iFJ03680
_d2018-10-1
_e2018-6-21
_f2022-1-17
_g4
_lCCODEBUJ1
_mBUJ
_n1
_p38.00
_q3
_r0
_sY
_tBOOK
_u2015-10-12
_xEDUCACION
_PP20
_0COMPRA
_o.STAFF. Colección General Juliaca
980 _81
_gALBERTO SANCHEZ Responsable de Automatización